000
00347nam a2200133Ia 4500
008
151001s9999||||xx |||||||||||||| ||und||
100
_a
नेत्रसिंग रावत
245
_a
पत्थर और पानी
250
_a
1
260
_b
संभावना
260
_c
2003
300
_a
101
365
_b
21
999
_c
980929
_d
980926